书目信息 |
| 题名: |
天生不理性
|
|
| 作者: | 萨瑟兰 著 ;赵丽霞 译 | |
| 分册: | ||
| 出版信息: | 北京 世界图书出版有限公司北京分公司 2024.06 |
|
| 页数: | 354页 | |
| 开本: | 21cm | |
| 丛书名: | ||
| 单 册: | ||
| 中图分类: | C912.6-0 | |
| 科图分类: | ||
| 主题词: | 社会心理学--通俗读物 | |
| 电子资源: | ||
| ISBN: | 978-7-5232-1175-5 | |
| 000 | 01100nam0 2200265 450 | |
| 001 | 012573607 | |
| 005 | 20251022161722.34 | |
| 010 | @a978-7-5232-1175-5@dCNY68.00 | |
| 100 | @a20240708d2024 em y0chiy0120 ea | |
| 101 | 1 | @achi@ceng |
| 102 | @aCN@b110000 | |
| 105 | @ay z 000yy | |
| 106 | @ar | |
| 200 | 1 | @a天生不理性@9tian sheng bu li xing@dIrrationality: the enemy within@f(英)斯图尔特·萨瑟兰(Stuart Sutherland)著@g赵丽霞译@zeng |
| 210 | @a北京@c世界图书出版有限公司北京分公司@d2024.06 | |
| 215 | @a354页@d21cm | |
| 300 | @a心世界 巴别塔 | |
| 330 | @a本书共分四部分二十二章,梳理了数百个非理性现象及案例,并运用心理学实验,揭露了人类非理性在判断、推理、决策和行为中的普遍性,以及这些现象的近百种形成原因,同时提供了减少非理性的有效策略,使读者能够充分识别身边的非理性,做更清醒的行为者。 | |
| 510 | 1 | @aIrrationality: the enemy within@zeng |
| 606 | 0 | @a社会心理学@j通俗读物 |
| 690 | @aC912.6-0@v5 | |
| 701 | 0 | @c(英)@a萨瑟兰@9sa se lan@c(Sutherland, Stuart)@4著 |
| 702 | 0 | @a赵丽霞@9zhao li xia@4译 |
| 801 | 0 | @aCN@c20250910 |
| 905 | @a河南城建学院图书馆@dC912.6@eS007@ZS007@f1 | |
| 天生不理性=Irrationality: the enemy within/(英)斯图尔特·萨瑟兰(Stuart Sutherland)著/赵丽霞译.-北京:世界图书出版有限公司北京分公司,2024.06 |
| 354页;21cm |
| 心世界 巴别塔 |
| ISBN 978-7-5232-1175-5:CNY68.00 |
| 本书共分四部分二十二章,梳理了数百个非理性现象及案例,并运用心理学实验,揭露了人类非理性在判断、推理、决策和行为中的普遍性,以及这些现象的近百种形成原因,同时提供了减少非理性的有效策略,使读者能够充分识别身边的非理性,做更清醒的行为者。 |
| ● |
| 相关链接 |
|
|
|
正题名:天生不理性
索取号:C912.6/S007
 
预约/预借
| 序号 | 登录号 | 条形码 | 馆藏地/架位号 | 状态 | 备注 |
| 1 | 1634648 | 216346489 | 社科库509/509社科库 59排8列3层/ [索取号:C912.6/S007] | 在馆 |